Quizzes
Events
Quiz Creation
Community
Videos
Private Events
Remove Ads
Sign In
Join for FREE
Feedback
Dark Mode
Quiz Categories
Sports
Geography
Music
Movies
Television
Just For Fun
Miscellaneous
History
Literature
Language
Science
Gaming
Entertainment
Religion
Holiday
For Kids
Quiz Lab
Recent
Popular Today
Quiz Kudos Today
Editor Picks
Curator Picks
Quizzes by...
Day
Popularity
Type
Ratings
Length
Year
Community
Subscriptions
Recent Discussions
Orange Saloon
Badges
Playlists
Quests
Create
Leaderboards
Showdown
Live 5
Trivia Bingo
Activity
Puzzle Library
Sporcle Events
Private Events
Virtual Trivia
Globe League
Become a Host
Pub Owners
SporcleCon
Opinionation
Our Games
Videos
Blog
Mobile Apps
Partnerships
Remove Ads and Go Orange
Feedback
Sports
Athletes
MLB
NBA
NHL
NFL
Soccer
Sports Teams
WWE
NCAA
Football
Premier League
Basketball
Baseball
Hockey
Golf
Tennis
Cricket
Rugby
Auto Racing
Olympics
World Cup
Sports
Athletes
MLB
NBA
NHL
NFL
Soccer
Sports Teams
WWE
NCAA
Football
Premier League
Basketball
Baseball
Hockey
Golf
Tennis
Cricket
Rugby
Auto Racing
Olympics
World Cup
Random Quiz
Search Sporcle
×
Quiz Lab
Quiz Lab
Sports
Auto Racing
Type in answers that appear in a list
Type in answers that appear in a list
Classic
Best Score? Go Orange.
F1 Points Scorers Stats
Can you name the Drivers who have scored at least 5 Championship Points
By
PurpleLlama
20m
242 Questions
309 Plays
309 Plays
309 Plays
Comments
Comments
Give Quiz Kudos
Give Quiz Kudos
-
- Ratings
hide this ad
Replay
Link that replays current quiz
Next Quiz
Link to next quiz in quiz playlist
You Got
0%
They Got
Avg Score
48%
Avg Friend Score
Upgrade to see
Score Distribution
Jump to the score distribution portion of the page
Score
0/242
Timer
20:00
0
Plays Today
Points
Driver
% Correct
2132
Lewis Hamilton
98.5%
2049
Sebastian Vettel
98.5%
1334
Kimi Raikkonen
98.5%
1820
Fernando Alonso
98%
1566
Michael Schumacher
97.5%
420
Mika Hakkinen
97.5%
329
Ralf Schumacher
97.5%
71
Jochen Mass
97.5%
610
Ayrton Senna
97%
33
Bruno Senna
97%
1497.5
Nico Rosberg
96.5%
1112
Felipe Massa
96.5%
1047.5
Mark Webber
96.5%
768.5
Alain Prost
96.5%
159.5
Keke Rosberg
96.5%
360
Damon Hill
96%
270
Graham Hill
96%
94
Phil Hill
96%
420.5
Niki Lauda
95.5%
340
Sergio Perez
95.5%
245
Juan Manuel Fangio
95.5%
1233
Jenson Button
95%
564
Daniel Ricciardo
95%
196
Max Verstappen
95%
17
Jos Verstappen
95%
658
Rubens Barrichello
94.5%
481.5
Nelson Piquet
94%
19
Nelson Piquet Jr.
94%
480
Nigel Mansell
93.5%
235
Jacques Villeneuve
93.5%
101
Gilles Villeneuve
93.5%
406
Valtteri Bottas
93%
273
Robert Kubica
93%
535
David Coulthard
92.5%
385
Gerhard Berger
92.5%
307
Juan-Pablo Montoya
92%
281
Emerson Fittipaldi
92%
12
Christian Fittipaldi
92%
298
Carlos Reutemann
91.5%
246.5
Jarno Trulli
91%
246
Jody Scheckter
91%
206
Ronnie Peterson
91%
199
Alan Jones
91%
180
Mario Andretti
91%
128
Daniil Kvyat
91%
7
Michael Andretti
91%
248
Denny Hulme
90.5%
359
Jackie Stewart
90%
315
Romain Grosjean
90%
275
Giancarlo Fisichella
90%
76
Pastor Maldonado
90%
181
Jacky Ickx
89.5%
340
Nico Hulkenberg
89%
241
Jean Alesi
89%
209
Clay Regazzoni
89%
253
Jack Brabham
88.5%
188.5
Bruce McLaren
88.5%
62
Kevin Magnussen
88.5%
255
Jim Clark
88%
181
Rene Arnoux
87%
179
James Hunt
87%
107.64
Alberto Ascari
87%
191
Eddie Irvine
86.5%
259
Nick Heidfeld
86%
185.64
Stirling Moss
86%
115.33
Nino Farina
86%
44
Takuma Sato
85.5%
174
Heinz-Harald Frentzen
85%
105
Heikki Kovalainen
85%
112.64
Mike Hawthorn
84.5%
107
Jochen Rindt
84.5%
76
Olivier Panis
84.5%
281
Riccardo Patrese
83.5%
64
Vitaly Petrov
83.5%
228
Jacques Laffite
83%
186.5
Michele Alboreto
82.5%
125
Kamui Kobayashi
82.5%
71
Pedro Rodriguez
82%
33
Mika Salo
82%
180
John Surtees
81.5%
98
Martin Brundle
81%
Points
Driver
% Correct
98
Johnny Herbert
81%
35
Pedro de la Rosa
81%
83
Chris Amon
80%
101
Didier Pironi
79%
72.14
Jose-Froilan Gonzalez
78.5%
9
Kazuki Nakajima
78.5%
16
Satoru Nakajima
78%
169
John Watson
77%
122
Elio de Angelis
77%
88
Stefan Johansson
77%
48
Carlos Sainz
77%
29
Sebastien Buemi
77%
133
Dan Gurney
76.5%
132
Thierry Boutsen
76.5%
32
Mark Blundell
76.5%
124
Adrian Sutil
76%
51
Timo Glock
76%
139
Patrick Depailler
75%
59
Andrea de Cesaris
75%
45
Alexander Wurz
75%
103
Patrick Tambay
74.5%
89
Francois Cevert
74.5%
7
Tiago Monteiro
74.5%
58
Carlos Pace
73%
56
Wolfgang von Trips
73%
102
Richie Ginther
72%
47
Peter Collins
72%
31
Gunnar Nilsson
72%
10
JJ Lehto
72%
75
Tony Brooks
71.5%
68
Jo Siffert
71.5%
21
Jean-Pierre Jabouille
71.5%
31
Jaime Alguersuari
70.5%
9
Marcus Ericsson
70.5%
72.33
Maurice Trintignant
70%
8
Aguru Suzuki
69%
121
Paul di Resta
68.5%
71
Derek Warwick
68.5%
31.5
Jean-Pierre Jarier
68.5%
70
Eddie Cheever
68%
44
Luigi Musso
68%
61
Peter Revson
67.5%
51
Jean-Eric Vergne
67.5%
14
Jonathan Palmer
67%
77
Jean-Pierre Beltoise
66%
65
Alessandro Nannini
66%
5
Marc Gene
66%
5
Narain Karthikeyan
65.5%
58
Lorenzo Bandini
64.5%
47
Innes Ireland
64.5%
28
Luigi Fagioli
64.5%
51.14
Jean Behra
64%
39
Jo Bonnier
64%
27
Felipe Nasr
64%
6
Sebastien Bourdais
63.5%
26
Vitantonio Liuzzi
63%
6
Esteban Gutierrez
61%
5
Bertrand Gachot
61%
41
Piero Taruffi
60%
7
Nicola Larini
60%
31
Ivan Capelli
59.5%
5
Ukyo Katayama
59%
19
Tom Pryce
58.5%
19
Bill Vukovich
58.5%
17
Stefano Modena
58.5%
15.5
Vittorio Brambilla
57.5%
8.5
Gianni Morbidelli
57.5%
15
Roberto Moreno
56.5%
15
Derek Daly
56.5%
14
Christian Klien
56.5%
10
Pedro Diniz
56%
29
Hans-Joachim Stuck
55%
18
Pierluigi Martini
55%
11
Peter Gethin
54.5%
6
Lucien Bianchi
54%
10
Mauricio Gugelmin
53%
14
Karl Wendlinger
52%
46
Luigi Villoresi
51.5%
19.5
Eugenio Castellotti
51.5%
8
Antonio Pizzonia
51.5%
17
Ludovico Scarfiotti
51%
Points
Driver
% Correct
14
Giancarlo Baghetti
50.5%
26
Tony Maggs
50%
17
Marc Surer
49.5%
14
Rodger Ward
49.5%
13
Hector Rebaque
49.5%
23
Teo Fabi
49%
29
Mike Hailwood
48.5%
17
Karl Kling
48.5%
13
Cristiano da Matta
48.5%
12
Johnnie Parsons
48%
10
Eric Bernard
48%
6
John Love
48%
9.5
Troy Ruttman
47.5%
7
Erik Comas
46%
20
Piers Courage
45%
29
Jim Rathmann
44.5%
32
Harry Schell
44%
7
Philippe Alliot
44%
14
Bruno Giacomelli
43.5%
18
Olivier Gendebien
42%
19
Roy Salvadori
41.5%
9
Lee Wallard
40.5%
21
Masten Gregory
40%
11
Paul Frere
40%
11
Philippe Streiff
39.5%
27
Mike Spence
38.5%
16
Stuart Lewis-Evans
38.5%
6
Alex Caffi
38.5%
10
Rudi Fischer
38%
8
Trevor Taylor
38%
8
Bob Sweikert
38%
13
Jackie Oliver
37.5%
11
Arturo Merzario
37.5%
8
Pat Flaherty
37.5%
10
Hans Herrmann
37%
12
Henri Pescarolo
36.5%
8.143
Onofre Marimon
36.5%
9
Reg Parnell
36%
20
Sam Hanks
35%
12
Peter Arundell
35%
10
Howden Ganley
35%
9
Johnny Servoz-Gavin
35%
7
Tim Schenken
35%
18
Louis Rosier
34.5%
14
Rolf Stommelen
34.5%
14
Mike Parkes
34%
8
Mark Donohue
34%
18
Jimmy Bryan
33.5%
16
Robert Manzon
33%
13
Reine Wisell
33%
11
Richard Attwood
33%
9
Carlos Menditeguy
31.5%
11
Cliff Allison
29.5%
7
Willy Mairesse
28%
8
Brian Redman
27%
17.5
Felice Bonetto
26%
8
Vic Elford
26%
6
Andrea de Adamich
26%
8
Bob Anderson
25%
13
Roberto Mieres
24.5%
8
Birabongse Bhanudej
22%
5
Cesare Perdisa
21.5%
5
Mauro Baldi
20.5%
5
George Follmer
19%
5
Ron Flockhart
18.5%
8
Mike Nazaruk
17.5%
6
Paco Godia
17.5%
9
Jack McGrath
14.5%
8
Art Cross
14.5%
5
Yves Giraud-Cabantous
14%
5
Jack Fairman
13.5%
11
Tony Bettenhausen
13%
6
Bill Holland
11.5%
9
Emmanuel de Graffenreid
10.5%
10
Johnny Thomson
9.5%
8.5
Paul Russo
7%
6
Paul Goldsmith
7%
5
Andy Linden
5%
6
George Amick
3.5%
6.5
Duane Carter
2.5%
Quiz Playlist
Details
Report
Send in Message
Add To Playlist
Classic:
Type in answers that appear in a list
Last Updated: Feb 16, 2017
Quiz Scoreboard
CHALLENGE
Sign Up to Join the Scoreboard
Show All
Scores
Hide
Comments
May contain spoilers
Recently Published
9x9 Crossword: Cartoon Network
by jackfrog10
Miscellaneous
3m
College Basketball Coaching Resumes
by pancakes188
Sports
9m
Billboard Blitz: Fleetwood Mac
by CooCooCachoo
Music
15s
More to Explore
Quiz From the Vault
Featured Blog Post
Where Did the Easter Bunny Come From?
hide this ad
You Might Also Like...
Tags
Auto Racing Quiz
Championship
Driver
Formula 1
point
score
Today's Top Quizzes in Sports
Browse Sports
hide this ad
Today's Top Quizzes in Auto Racing
Browse Auto Racing
Top Contributed Quizzes in Sports
1
2022 World Cup Stars
2
Les meilleurs buteurs des matchs entre le PSG et l’OM
3
FIFA Club World Cup Champions
4
Les entraîneurs de l'OM et du PSG au 21e siècle
5
Criteria MLB: Left Handed Sluggers
6
AFC Teams Reveal (Wrong Answers Minefield)
7
2023 MLB Unique Player Accomplishments
8
5-to-1: FBS Animal Nicknames
9
Players with Multiple 50 Home Run Seasons
10
5-to-1: UK Sports Teams
Explore More
Trending Topics
Harry Potter
Marvel
NBA
Anime
Disney
Kpop
Crossword
Puzzle
Song
The Office
Pokémon
NFL
Soccer
Country
WWE
hide this ad
More By:
PurpleLlama
Quiz
Plays
Rating
Category
Featured
Created
F1 Winners
1,027
4.25
Sports
May 17, 2016
F1 Points Scorers
309
2.75
Sports
Jul 20, 2015
Go to Creator's Profile
Score Distribution
Quiz Creator Spotlight
PurpleLlama
Follow
Send a Message
Quizzes Created
-
Created Quiz Play Count
-
More By This Creator
Popular Quizzes Today
1
Find the US States - No Outlines Minefield
2
Find the Countries of Europe - No Outlines Minefield
3
The Countries of the World
4
Find the US States
5
Risky Map Clicking: Biggest States A-Z
6
US States
7
Popular People in 1961
8
Movies - When Are They Set?
More Sports Quizzes
Sandy Koufax: Hall of Fame Strikeout Profile
Quiz Lab
Trending Quizzes
Risky Map Clicking: Least Populous States A-Z
1-10 Letter G Words
1-10 Letter F Words
Risky Map Clicking: Next State Alphabetically
Adjectives in 80s TV Shows
Recently Updated
Leaping Animals
pecheneg
Reality TV Shows (A-Z)
bhenderson79
Rickey Henderson's Hall of Fame Teammates
pecheneg
Champions League XIs: Arsenal
pecheneg
Quick Pick: Celebrities in WWE's Hall of Fame
aduchscher
A-Z Keypad Blitz II
pecheneg
Multiple Oscar Actors
pecheneg
Mystery Phrase Blitz: Oscar 'Best Actors'
pecheneg
F. Scott Fitzgerald Novels
LTH
Pick 3 Villains
ddd62291
Trending Topics
Kpop
Harry Potter
Crossword
Disney
Marvel
NBA
Anime
Country
Song
Soccer
NFL
Puzzle
WWE
The Office
Pokémon
Your Account Isn't Verified!
In order to create a playlist on Sporcle, you need to verify the email address you used during registration. Go to your
Sporcle Settings
to finish the process.
Report this User
Report this user for behavior that violates our
Community Guidelines
.
Details:
Send Report
Go to the Sporcle.com Mobile Site →
Comments